Statistiques concernant Marqueurs d'essais avec les All Blacks (2020 - …)

Cliquez ici pour prendre le quiz!

Statistiques générales

  • Ce quiz a été pris 120 fois
    (93 depuis la dernière actualisation)
  • Le résultat moyen est 10 sur 36

Statistiques - réponses

EssaisJoueur% Correct
4Bauden Barrett
91%
10Jordie Barrett
91%
1Scott Barrett
91%
10Ardie Savea
82%
2Aaron Smith
76%
20Will Jordan
67%
1Akira Ioane
56%
8Rieko Ioane
56%
2Brodie Retallick
55%
6Richie Mo'unga
47%
9Dan Coles
39%
3Damian McKenzie
35%
4Codie Taylor
33%
3Sam Cane
33%
3Anton Lienert-Brown
26%
3TJ Perenara
20%
3Caleb Clarke
18%
7David Havili
18%
3George Bridge
17%
10Sevu Reece
15%
2Shannon Frizell
14%
5Dalton Papali'I
12%
2Ethan de Groot
11%
1Finlay Christie
11%
5Luke Jacobson
9%
4Brad Weber
6%
1Quinn Tupaea
5%
1Quinn Tupaea
5%
2Asafo Jr. Aumua
3%
1Pita Gus Sowakula
3%
3Tupou Vaa'i
3%
1Hoskins Sotutu
2%
1Karl Tu'inukuafe
2%
2Angus Ta'avao
0%
3Patrick Tuipulotu
0%
5Samisoni Taukei'Aho
0%

Distribution des résultats

Percentile par nombre de réponses

% des personnes avec chaque résultat

Votre développement - résultats

Vous n’avez pas pris ce quiz depuis la dernière actualisation